000 00485nam a22001937a 4500
005 20260514121706.0
010 _aENG-148458
020 _c499.00
_a9789357318211
035 _aEN-131990
037 _bDBAD
_adpl
082 _aN
100 _aRay, Arnab
245 0 0 _aShakchunni/
_cArnab Ray
250 _a1
260 _aGurgaon
_bHachette Book Publishing
_c2024
270 _aPlot No.94, Sector 44
_bGurgaon
_e122003
300 _a316p.
_c21cm(pb)
942 _2ddc
_cEN
_mRAY
_hN
999 _c216190
_d216190